What Jesus says: (Record no. 5063)

000 -LEADER
fixed length control field 00578nam a2200181 a 4500
001 - CONTROL NUMBER
control field :::00002804$&:&@@
003 - CONTROL NUMBER IDENTIFIER
control field OkBaRHE
005 - DATE AND TIME OF LATEST TRANSACTION
control field 20000607103257.0
008 - FIXED-LENGTH DATA ELEMENTS--GENERAL INFORMATION
fixed length control field s1955 j 000 0 eng u
040 ## - CATALOGING SOURCE
Transcribing agency
100 1# - MAIN ENTRY--PERSONAL NAME
Personal name Munger, Robert Boyd.
245 10 - TITLE STATEMENT
Title What Jesus says:
Remainder of title the Master Teacher and life's problems.
260 ## - PUBLICATION, DISTRIBUTION, ETC. (IMPRINT)
Place of publication, distribution, etc Westwood, NJ., :
Name of publisher, distributor, etc Fleming H. Revell Co.
Date of publication, distribution, etc c1955
300 ## - PHYSICAL DESCRIPTION
Extent 185 p. ;
Dimensions 21 cm.
650 ## - SUBJECT ADDED ENTRY--TOPICAL TERM
Topical term or geographic name as entry element Jesus Christ
General subdivision Teachings
942 ## - ADDED ENTRY ELEMENTS (KOHA)
Source of classification or shelving scheme
Koha item type Books
Copies
Barcode Copy number Damaged status Permanent Location Date last seen Shelving location Full call number Not for loan Source of classification or shelving scheme Date acquired Withdrawn status Lost status Koha item type Price effective from
28041 RHEMA Bible Training College2018-03-16General StacksBS 2417 .M83  2010-04-14  Books2010-04-14